000 01065nam2a2200253 4500
001 RU\NLR\BIBL_A\012562796
005 20250624070404.0
035 _a(NLR Aleph) 012562796
090 _a12466059
_c12466059
100 _a20210712j19080128|||y0rusy50 ca
101 0 _arus
102 _aRU
135 _acrgn 008anaba
200 0 _a1908, № 1 (28 янв.)
210 _d1908
_aБ. м.
325 1 _aКопия доступна в электронной библиотеке РНБ
461 0 _1001RU\NLR\DRGNLR\470
_12001#$aВести понедельника$v1908, № 1 (28 янв.)
_910630544
_cМ.
_d1908
_fРед. И.В.Коноплев
_nК.Л.Ковзан
_tВести понедельника
_v1908, № 1 (28 янв.)
852 _aNLR
_j1-Сб/1-13
901 _eГазеты
942 _cISSNP
980 _aNB
981 2 7 _a(27) Периодические издания
_b(27) Газеты